| 000 | 01309nam a22002777a 4500 | ||
|---|---|---|---|
| 005 | 20170124103146.0 | ||
| 010 | _aA-725362 | ||
| 020 | _c200.00 | ||
| 035 | _aA-725362 | ||
| 037 | _bCen Lib/Ret | ||
| 040 |
_aDPL _bHN |
||
| 082 |
_a025.52 _bअग्रवा |
||
| 100 |
_aअग्रवाल, एम.एल. _986213 |
||
| 245 |
_aपुस्तालय संदर्भ सेवा / _cएम.एल. अग्रवाल [और] एस.ज़ी. शर्मा |
||
| 246 |
_aPustakalay sandrabh seva / _bby M.L. Agarwal [aur] S.G. Sharma |
||
| 260 |
_aजयपुर _bप्रिन्टवेल _c1994 |
||
| 270 |
_bजयपुर _aएस-12, शोपिंग काम्प्लेक्स, तिलक नगर _e302004 |
||
| 300 |
_a147पृ. _c21सेमी (सजिल्द) |
||
| 500 | _aसन्दर्भ सूची शामिल | ||
| 650 |
_aपुस्तकालय विज्ञान--सन्दर्भ सेवा _986214 |
||
| 650 |
_aलाइब्रेरी सेवा _986215 |
||
| 650 |
_aLibrary and information science--Reference Service _986216 |
||
| 650 |
_aLibrary Services _9998 |
||
| 700 |
_aशर्मा, एस.ज़ी. _986217 |
||
| 942 |
_2ddc _cHN _h025.52 _mअग्रवा |
||
| 999 |
_c119685 _d119685 |
||